Drawings of Rembrandt
Saved in:
| Hovedforfatter: | |
|---|---|
| Format: | Bog |
| Sprog: | engelsk |
| Udgivet: |
Nueva York
Dover
1965
|
| Serier: | Collections of Fine Art in Dover Books
|
| Fag: | |
| Tags: |
Tilføj Tag
Ingen Tags, Vær først til at tagge denne postø!
|
MARC
| LEADER | 00000nam a2200000 a 4500 | ||
|---|---|---|---|
| 001 | UCT3889 | ||
| 003 | CL-VaPUC | ||
| 008 | 961031e19650000US |||||||||||||||||eng|d | ||
| 082 | 0 | 4 | |a 741.092 |b SLI |2 21 |
| 100 | 0 | |a Slive, Seymour |e author |9 372948 | |
| 245 | 1 | 0 | |a Drawings of Rembrandt |
| 300 | |a v | ||
| 942 | |c BK | ||
| 945 | |d 19961031 00:00:00 |a nastorga | ||
| 260 | |a Nueva York |b Dover |c 1965 | ||
| 600 | 0 | |a Rembrandt, Harmenszoon van Rijn |9 331539 | |
| 650 | 0 | |a Dibujo |9 260181 | |
| 650 | 0 | |a Artistas |9 262026 | |
| 650 | 7 | |a PINTORES ALEMANES |2 CL-VaPUC |9 341248 | |
| 650 | 0 | |a Retratos |9 313437 | |
| 650 | 0 | |a Biografías |9 255210 | |
| 583 | |a last modification |c 19961031 00:00:00 |k Rodrigo Vera | ||
| 490 | 0 | |a Collections of Fine Art in Dover Books | |
| 999 | |c 253393 |d 253391 | ||
| 952 | |0 0 |1 0 |4 0 |6 741_092000000000000_SLI_1965 |7 0 |8 A |9 274219 |a BIBARQ |b BIBARQ |d 2019-11-19 |h v.1 |i 3244261 |o 741.092 SLI 1965 |p 3244261 |r 2025-01-20 |w 2019-11-19 |y BK |k ARQ | ||
| 952 | |0 0 |1 0 |4 0 |6 741_092000000000000_SLI_1965 |7 0 |8 A |9 274220 |a BIBARQ |b BIBARQ |d 2019-11-19 |h v.2 |i 324427K |o 741.092 SLI 1965 |p 324427K |r 2025-01-20 |w 2019-11-19 |y BK |k ARQ | ||